Músculos pruebas y funciones (Registro nro. 83241)

Detalles MARC
000 -ENCABEZADO
Número de control [NR] 00652nam a22002177a 4500
008 - DE LONGITUD FIJA DE DATOS DE ELEMENTOS - INFORMACIÓN GENERAL
Elementos de longitud fija [NR] 130821s1985 ag gr spa
020 ## - NUMERO INTERNACIONAL NORMALIZADO PARA LIBROS [R]
Número Internacional Normalizado del libro [NR] 068304575X
040 ## - FUENTE DE CATALOGACION [NR]
Agencia de catalogación original [NR] Co-BoUCM
Idioma de catalogación [NR] spa
041 00 - CODIGO DE IDIOMA [R]
Código de idioma para texto/pista de sonido o título separado [R] Español
060 ## - SIGNATURA TOPOGRAFICA DE LA BIBLIOTECA NACIONAL DE MEDICINA (NLM) [R]
Número clasificador [R] WE 500
Número de ítem [NR] K33m 2a. ed
100 ## - ASIENTO PRINCIPAL--NOMBRE PERSONAL [NR]
Nombre personal [NR] Kendall, Florence Peterson
245 00 - MENCION DE TITULO [NR]
Título [NR] Músculos pruebas y funciones
Mención de responsabilidad, etc. [NR] Florence Peterson
250 ## - MENCION DE EDICION [NR]
Mención de edición [NR] 2a. ed
260 ## - PUBLICACION, DISTRIBUCION, ETC. (PIE DE IMPRENTA) [R]
Lugar de publicación, distribución, etc. [R] Buenos Aires (Argentina)
Nombre del editor, distribuidor, etc. [R] Editorial Jims
Fecha de publicación, distribución, etc. [R] 1985
300 ## - DESCRIPCION FISICA [R]
Extensión [R] 325 páginas
650 04 - ASIENTO SECUNDARIO DE MATERIA - TERMINO TEMATICO [R]
Término temático o nombre geográfico como elemento de entrada [NR] Fisiología
9 (RLIN) 15925
650 04 - ASIENTO SECUNDARIO DE MATERIA - TERMINO TEMATICO [R]
Término temático o nombre geográfico como elemento de entrada [NR] Miología
9 (RLIN) 19588
650 04 - ASIENTO SECUNDARIO DE MATERIA - TERMINO TEMATICO [R]
Término temático o nombre geográfico como elemento de entrada [NR] Rehabilitación
9 (RLIN) 361
700 ## - ASIENTO SECUNDARIO - NOMBRE PERSONAL [R]
Nombre personal [NR] Kendall McCreary, Elizabeth
942 ## - ELEMENTOS DE ENTRADA AGREGADOS (KOHA)
Tipo de ítem principal el descrito en 300a Libro
Tema principal Medicina
Edición 2
Parte restante de la signatura top. K33M
Sistema de clasificación NLM
Clasificación WE 500
Título oculto en OPAC No
Existencias
Fecha de último préstamo Total préstamos Total Renewals Signatura topográfica Código de barras Última vez visto Volúmen / Fascículo Ejemplar Price effective from Tipo de ítem Perdido Sistema de clasificación Dañado No prestable Tipo de ítem específico Suprimido Ubicación habitual Ubicación actual Localización Fecha de creación Forma de adquisición Costo
19/02/2020 250 35 WE 500 K33M 200002578 11/12/2025 2A. ED Ej.2 03/02/2013 Libro   NLM     Libro   Quinta de Mutis Quinta de Mutis 2do piso 28/02/2003 Compra 125000.00
08/08/2024 298 44 WE 500 K33M 200002577 23/02/2026 2A. ED Ej.1 03/02/2013 Libro   NLM     Libro   Quinta de Mutis Quinta de Mutis 2do piso 28/02/2003 Compra 0.00